000 00333nam a2200133 i 4500
001 bg
100 1 _aKOŁEK, Andrzej
245 0 _aModel matematyczny dyspresji w układach przepływowych /
_cA. Kołek.
260 _aWrocław,
_c1990.
040 _cBPK
041 _apol
942 _cKS
008 s pl f |000 0 pol
999 _c29410
_d29410
856 _uhttp://koha.tu.koszalin.pl/cgi-bin/koha/opac-detail.pl?biblionumber=29410
_yKatalog online BPK